Data structures and algorithms using C (Record no. 5491)

MARC details
000 -LEADER
fixed length control field 00302nam a2200121Ia 4500
082 ## - DEWEY DECIMAL CLASSIFICATION NUMBER
Classification number 5.133
Item number SAL
100 ## - MAIN ENTRY--PERSONAL NAME
Personal name Salaria,R.S
245 ## - TITLE STATEMENT
Title Data structures and algorithms using C
250 ## - EDITION STATEMENT
Edition statement 5th Ed.
260 ## - PUBLICATION, DISTRIBUTION, ETC. (IMPRINT)
Name of publisher, distributor, etc Khanna Books Publishing Co. Ltd.
Place of publication, distribution, etc N. Delhi
Year of Publication 2012
300 ## - PAGE DESCRIPTION
No. of Pages 516p.
942 ## - ADDED ENTRY ELEMENTS (KOHA)
Source of classification or shelving scheme Dewey Decimal Classification
Koha item type Books
942 ## - ADDED ENTRY ELEMENTS (KOHA)
-- 20
Holdings
Withdrawn status Lost status Source of classification or shelving scheme Damaged status Not for loan Home library Current library Date acquired SGTU Total Checkouts Full call number Accession No. (Barcode) Date last seen Date last borrowed Bill Date Koha item type Total Renewals
    Dewey Decimal Classification     SGT Engineering Library SGT Engineering Library 06/09/2012 SGTU 36 5.133 SAL FE5614 13/11/2025 30/10/2025 09/02/2015 Books  
Withdrawn   Dewey Decimal Classification     SGT Engineering Library SGT Engineering Library 06/09/2012 SGTU 10 5.133 SAL FE5615 24/10/2019 07/10/2019 09/02/2015 Books 6